[Event "AUTO-OPEN-3411"]
[Site "http://www.queenalice.com/game.php?id=1332214"]
[Date "2015.1.2"]
[Round "1"]
[White "viennawaltz"]
[Black "novoselic"]
[Result "1-0"]
[WhiteElo "2416"]
[BlackElo "1946"]

1. e4 e5 2. Nf3 Nc6 3. Bb5 d6 4. d4 exd4 5. Nxd4 Bd7 6. Nc3 Nf6 7. Bxc6 Bxc6 8.
Nxc6 bxc6 9. O-O Be7 10. Qf3 O-O 11. Bf4 Rb8 12. b3 Qd7 13. Rad1 Qe6 14. Rfe1
Rb4 15. a3 Rb7 16. e5 Nd5 17. exd6 Bxd6 18. Rxe6 fxe6 19. Nxd5 cxd5 20. g3 e5
21. Qxd5+ Kh8 22. Qxb7 exf4 23. Qxa7 fxg3 24. hxg3 h6 25. a4 1-0

[Event "AUTO-OPEN-3411"]
[Site "http://www.queenalice.com/game.php?id=1332239"]
[Date "2015.1.2"]
[Round "1"]
[White "TorresR"]
[Black "viennawaltz"]
[Result "0-1"]
[WhiteElo "1821"]
[BlackElo "2409"]

1. e4 e6 2. d3 d5 3. Nd2 Nf6 4. e5 Nfd7 5. d4 c5 6. c3 Nc6 7. Ndf3 Qb6 8. Rb1
cxd4 9. cxd4 Bb4+ 10. Bd2 Nxd4 11. Bxb4 Qxb4+ 12. Nd2 Nxe5 13. a3 Qb6 14. f4
Nec6 15. Ngf3 O-O 16. Bd3 Bd7 17. Bxh7+ Kxh7 18. Ng5+ Kh6 19. Qg4 Nc2+ 20. Ke2
N6d4+ 21. Kd3 Qb5+ 22. Kc3 Rac8+ 23. Nc4 Qxc4+ 24. Kd2 Nb3+ 0-1

[Event "AUTO-OPEN-3411"]
[Site "http://www.queenalice.com/game.php?id=1332240"]
[Date "2015.1.2"]
[Round "1"]
[White "viennawaltz"]
[Black "TorresR"]
[Result "1-0"]
[WhiteElo "2408"]
[BlackElo "1788"]

1. e4 Nc6 2. Nf3 f5 3. exf5 d5 4. Bb5 Bxf5 5. Ne5 Qd6 6. d4 Nh6 7. Qf3 g6 8. Nc3
Nf7 9. Bxc6+ bxc6 10. Nxf7 Qe6+ 11. Ne5 Bxc2 12. O-O Bg7 13. Re1 Qd6 14. Qf7+
1-0

[Event "AUTO-OPEN-3411"]
[Site "http://www.queenalice.com/game.php?id=1332255"]
[Date "2015.1.2"]
[Round "1"]
[White "goldenboy"]
[Black "viennawaltz"]
[Result "0-1"]
[WhiteElo "2120"]
[BlackElo "2410"]

1. e4 e6 2. d4 d5 3. exd5 exd5 4. Nf3 Bd6 5. Bg5 f6 6. Bh4 Ne7 7. Nbd2 Nf5 8.
Bg3 O-O 9. Be2 Nxg3 10. hxg3 Re8 11. c3 Qe7 12. Ng1 Bf5 13. Ndf3 Nd7 14. Qd2 Nb6
15. O-O-O Nc4 16. Bxc4 dxc4 17. Nh3 Qe4 0-1

[Event "AUTO-OPEN-3411"]
[Site "http://www.queenalice.com/game.php?id=1332256"]
[Date "2015.1.2"]
[Round "1"]
[White "viennawaltz"]
[Black "goldenboy"]
[Result "1-0"]
[WhiteElo "2413"]
[BlackElo "2138"]

1. d4 d5 2. c4 c6 3. Nc3 Nf6 4. Nf3 e6 5. Bg5 Bb4 6. e3 Nbd7 7. cxd5 cxd5 8. Bd3
Qa5 9. Qc2 h6 10. Bh4 g5 11. Bg3 Bxc3+ 12. Qxc3 Qxc3+ 13. bxc3 O-O 14. a4 Re8
15. h4 g4 16. Nd2 h5 17. c4 b6 18. cxd5 Nxd5 19. Bb5 a6 20. Bc6 Ra7 21. Ne4 f5
22. Nd6 Rf8 23. Bxd5 exd5 24. Rc1 Ra8 25. Rc7 b5 26. Ke2 bxa4 27. Rhc1 Nb6 28.
R1c6 Rb8 29. Nxc8 Nxc8 30. Rg6+ Kh8 31. Be5+ 1-0

[Event "AUTO-OPEN-3426"]
[Site "http://www.queenalice.com/game.php?id=1338010"]
[Date "2015.1.29"]
[Round "1"]
[White "viennawaltz"]
[Black "chessman"]
[Result "1-0"]
[WhiteElo "2413"]
[BlackElo "1964"]

1. d4 d5 2. c4 c6 3. Nc3 Nf6 4. Nf3 e6 5. Bg5 Be7 6. e3 O-O 7. Rc1 Re8 8. Bd3
Nbd7 9. O-O Nf8 10. Ne5 N8d7 11. f4 dxc4 12. Nxc4 Nd5 13. Qh5 N7f6 14. Qf3 h6
15. Ne5 Nxc3 16. bxc3 Nd5 17. Bxh6 f5 18. Qh5 1-0

[Event "AUTO-OPEN-3426"]
[Site "http://www.queenalice.com/game.php?id=1338011"]
[Date "2015.1.29"]
[Round "1"]
[White "chessman"]
[Black "viennawaltz"]
[Result "0-1"]
[WhiteElo "1962"]
[BlackElo "2414"]

1. e4 e6 2. Nf3 d5 3. exd5 exd5 4. d4 Bd6 5. Bd3 Nf6 6. O-O O-O 7. Bg5 Bg4 8. c3
Nbd7 9. Re1 c6 10. Nbd2 Qc7 11. h3 Bh5 12. Nf1 Rae8 13. Rxe8 Rxe8 14. Bb1 Ne4
15. Be3 f5 16. N1d2 f4 0-1

[Event "AUTO-OPEN-3426"]
[Site "http://www.queenalice.com/game.php?id=1338012"]
[Date "2015.1.29"]
[Round "1"]
[White "viennawaltz"]
[Black "TorresR"]
[Result "1-0"]
[WhiteElo "2415"]
[BlackElo "1815"]

1. d4 Nf6 2. c4 e5 3. dxe5 Ng4 4. Nf3 Nc6 5. a3 d6 6. Bg5 Be7 7. Bxe7 Qxe7 8.
exd6 cxd6 9. Nc3 O-O 10. Nd5 Qe4 11. e3 Nge5 12. Nd2 Qg6 13. Nf4 Qh6 14. Be2 Ng6
15. Nd5 Nge7 16. O-O f5 17. Nf3 Ng6 18. Nc7 Rb8 19. Qd5+ Kh8 20. Nb5 Rd8 21.
Nxd6 Nce7 22. Nf7+ 1-0

[Event "AUTO-OPEN-3426"]
[Site "http://www.queenalice.com/game.php?id=1338013"]
[Date "2015.1.29"]
[Round "1"]
[White "TorresR"]
[Black "viennawaltz"]
[Result "0-1"]
[WhiteElo "1821"]
[BlackElo "2418"]

1. e4 e6 2. d4 d5 3. e5 c5 4. Nf3 Nc6 5. dxc5 Bxc5 6. c3 Qc7 7. Bf4 Nge7 8. Bd3
Qb6 9. Qe2 Ng6 10. Bxg6 hxg6 11. O-O Be7 12. Bg5 f6 13. exf6 gxf6 14. Be3 Qa6
15. Qc2 Kf7 16. Nbd2 e5 17. Rfe1 Bf5 18. Qb3 Rad8 19. Nf1 Na5 20. Qa4 b5 21. Qd1
b4 22. Bd2 bxc3 23. Bxc3 d4 24. Bd2 Nc4 25. Qe2 d3 26. Qd1 Nxb2 27. Qb3+ Nc4 28.
Ne3 Be6 29. Qc3 Na3 30. h3 Rc8 31. Nxe5+ fxe5 32. Qxe5 Bf6 33. Qf4 g5 34. Qf3
Qc6 35. Qd1 Bxa1 36. Qxa1 Bxh3 37. gxh3 Rxh3 38. Ng2 Rch8 0-1

[Event "AUTO-OPEN-3426"]
[Site "http://www.queenalice.com/game.php?id=1338014"]
[Date "2015.1.29"]
[Round "1"]
[White "viennawaltz"]
[Black "GMcruz"]
[Result "1-0"]
[WhiteElo "2415"]
[BlackElo "2172"]

1. d4 Nf6 2. c4 e6 3. Nc3 d5 4. Bg5 c6 5. e3 Nbd7 6. Nf3 a6 7. cxd5 exd5 8. Bd3
Be7 9. O-O O-O 10. Qc2 h6 11. Bf4 Re8 12. Rab1 Nf8 13. b4 Bd6 14. Bxd6 Qxd6 15.
a4 b6 16. a5 c5 17. bxc5 bxc5 18. Rb6 Qc7 19. Rxf6 gxf6 20. Nxd5 Qd6 21. Nb6 c4
22. Qxc4 Rb8 23. Nh4 Rxb6 24. axb6 Qxb6 25. d5 Bb7 26. Qg4+ Kh8 27. Nf5 1-0

[Event "AUTO-OPEN-3426"]
[Site "http://www.queenalice.com/game.php?id=1338015"]
[Date "2015.1.29"]
[Round "1"]
[White "GMcruz"]
[Black "viennawaltz"]
[Result "1/2-1/2"]
[WhiteElo "2174"]
[BlackElo "2418"]

1. e4 e6 2. d4 d5 3. exd5 exd5 4. Bd3 Bd6 5. Nf3 Nf6 6. O-O O-O 7. h3 Be6 8. Re1
Nc6 9. c3 h6 10. Nbd2 Nd7 11. Nf1 Re8 12. Ng3 Ne7 13. Ne5 c5 14. f4 Qb6 15. Kh1
cxd4 16. cxd4 Bb4 17. Rf1 f5 18. Be3 Bd6 19. Qe2 Nf6 20. Rac1 Rac8 21. Rfd1 Ne4
22. Kh2 a6 23. Nh5 Bb8 24. g4 Bf7 25. Ng3 Be6 26. Kg2 1/2-1/2

[Event "AUTO-OPEN-3466"]
[Site "http://www.queenalice.com/game.php?id=1353162"]
[Date "2015.4.12"]
[Round "1"]
[White "roqqk"]
[Black "viennawaltz"]
[Result "0-1"]
[WhiteElo "1685"]
[BlackElo "2420"]

1. e4 e6 2. Bc4 d5 3. exd5 exd5 4. Qe2+ Be7 5. Bb5+ c6 6. Ba4 Nf6 7. Nf3 O-O 8.
O-O Bd6 9. d4 Re8 10. Ne5 Ng4 11. f4 f6 12. Nxg4 Rxe2 13. Nc3 Bxg4 14. Nxe2 Bxe2
15. Re1 Qa5 16. b3 Qxe1# 0-1

[Event "AUTO-OPEN-3466"]
[Site "http://www.queenalice.com/game.php?id=1353163"]
[Date "2015.4.12"]
[Round "1"]
[White "viennawaltz"]
[Black "roqqk"]
[Result "1-0"]
[WhiteElo "2419"]
[BlackElo "1687"]

1. d4 d5 2. c4 Be6 3. cxd5 Qxd5 4. Nc3 Qa5 5. e4 Nc6 6. d5 Rd8 7. Bd2 Bd7 8.
dxc6 Bxc6 9. Nd5 Qa4 10. Nxc7+ Kd7 11. Nb5 Bxb5 12. Bxb5+ Qxb5 13. Ba5+ Kc6 14.
Qxd8 Nf6 15. Qc7# 1-0

[Event "AUTO-OPEN-3466"]
[Site "http://www.queenalice.com/game.php?id=1353182"]
[Date "2015.4.12"]
[Round "1"]
[White "Mannu"]
[Black "viennawaltz"]
[Result "0-1"]
[WhiteElo "1879"]
[BlackElo "2419"]

1. d4 Nf6 2. c4 g6 3. Nc3 d5 4. cxd5 Nxd5 5. e4 Nxc3 6. bxc3 Bg7 7. Nf3 c5 8.
Rb1 O-O 9. Be2 cxd4 10. cxd4 Qa5+ 11. Qd2 Qxd2+ 12. Bxd2 b6 13. O-O Ba6 14. Bxa6
Nxa6 15. e5 e6 16. Rfc1 Rfc8 17. a4 Nc7 18. Ng5 Nd5 19. Ne4 Bf8 20. Nd6 Bxd6 21.
exd6 Rxc1+ 22. Rxc1 Rd8 23. Rc6 Kf8 24. Bg5 f6 25. Bc1 Ke8 26. Ba3 Kd7 27. Rc2
Rc8 28. Rxc8 Kxc8 29. g3 Nc3 0-1

[Event "AUTO-OPEN-3466"]
[Site "http://www.queenalice.com/game.php?id=1353183"]
[Date "2015.4.12"]
[Round "1"]
[White "viennawaltz"]
[Black "Mannu"]
[Result "1-0"]
[WhiteElo "2416"]
[BlackElo "1848"]

1. e4 c5 2. Nf3 Nc6 3. d4 cxd4 4. Nxd4 Nf6 5. Nc3 d6 6. Bg5 e6 7. Qd2 Be7 8.
O-O-O O-O 9. f4 Nxd4 10. Qxd4 Qa5 11. Kb1 h6 12. h4 hxg5 13. hxg5 Ng4 14. Be2 e5
15. Qg1 Qc5 16. Rh4 Qxg1 17. Rxg1 Ne3 18. Rgh1 f5 19. Nd1 Nxg2 20. Bc4+ 1-0

[Event "AUTO-OPEN-3466"]
[Site "http://www.queenalice.com/game.php?id=1353194"]
[Date "2015.4.12"]
[Round "1"]
[White "viennawaltz"]
[Black "Pagano"]
[Result "1-0"]
[WhiteElo "2421"]
[BlackElo "2069"]

1. d4 d5 2. c4 c6 3. Nc3 Nf6 4. e3 e6 5. Nf3 Be7 6. Bd3 dxc4 7. Bxc4 O-O 8. O-O
Nbd7 9. e4 Nb6 10. Bb3 Qc7 11. Re1 a6 12. e5 Nfd5 13. Bg5 Re8 14. Bxe7 Nxe7 15.
Bc2 c5 16. dxc5 Qxc5 17. Ng5 Nc4 18. Qh5 Nxe5 19. Rxe5 1-0

[Event "AUTO-OPEN-3466"]
[Site "http://www.queenalice.com/game.php?id=1353195"]
[Date "2015.4.12"]
[Round "1"]
[White "Pagano"]
[Black "viennawaltz"]
[Result "0-1"]
[WhiteElo "2067"]
[BlackElo "2422"]

1. e4 e6 2. d4 d5 3. exd5 exd5 4. Nf3 Bd6 5. Be2 Nc6 6. O-O Nge7 7. Bg5 f6 8.
Be3 O-O 9. Nh4 Nf5 10. Nxf5 Bxf5 11. Nc3 Ne7 12. Qd2 c6 13. g4 Bd7 14. f4 Qc7
15. Rf2 f5 16. h3 fxg4 17. hxg4 h5 18. Raf1 hxg4 19. Qd3 g3 20. Rf3 Bh3 21. Rxg3
Bxf1 22. Kxf1 Bxf4 0-1

[Event "AUTO-OPEN-3411"]
[Site "http://www.queenalice.com/game.php?id=1360650"]
[Date "2015.5.20"]
[Round "2"]
[White "ajbsantos"]
[Black "viennawaltz"]
[Result "0-1"]
[WhiteElo "2120"]
[BlackElo "2422"]

1. e4 e6 2. d4 d5 3. e5 c5 4. c3 Nc6 5. Nf3 Bd7 6. Be2 cxd4 7. cxd4 Nge7 8. Na3
Nf5 9. Nc2 Qb6 10. O-O Be7 11. b3 Rc8 12. Bb2 O-O 13. Bd3 Nb4 14. Bxf5 exf5 0-1

[Event "AUTO-OPEN-3411"]
[Site "http://www.queenalice.com/game.php?id=1360651"]
[Date "2015.5.20"]
[Round "2"]
[White "viennawaltz"]
[Black "ajbsantos"]
[Result "1-0"]
[WhiteElo "2420"]
[BlackElo "2123"]

1. e4 e5 2. Nf3 Nc6 3. Bb5 a6 4. Ba4 Nf6 5. O-O Be7 6. Re1 b5 7. Bb3 d6 8. c3
O-O 9. h3 Na5 10. Bc2 c5 11. d4 Qc7 12. d5 Bd7 13. b3 Nb7 14. Nbd2 g6 15. Nf1
1-0

[Event "AUTO-OPEN-3411"]
[Site "http://www.queenalice.com/game.php?id=1360658"]
[Date "2015.5.20"]
[Round "2"]
[White "viennawaltz"]
[Black "Artking"]
[Result "1-0"]
[WhiteElo "2417"]
[BlackElo "2073"]

1. e4 b6 2. d4 Bb7 3. Bd3 Nf6 4. Nd2 d6 5. Ngf3 Nbd7 6. O-O g6 7. e5 dxe5 8.
dxe5 Ng4 9. e6 Nde5 10. exf7+ Nxf7 11. Qe2 Bg7 12. Bb5+ c6 13. Bc4 Nf6 14. Bxf7+
Kxf7 15. Ng5+ 1-0

[Event "AUTO-OPEN-3411"]
[Site "http://www.queenalice.com/game.php?id=1360659"]
[Date "2015.5.20"]
[Round "2"]
[White "Artking"]
[Black "viennawaltz"]
[Result "0-1"]
[WhiteElo "2071"]
[BlackElo "2418"]

1. Nf3 d5 2. d4 Nf6 3. c4 c6 4. Nc3 dxc4 5. e4 b5 6. a4 b4 7. Na2 Nxe4 8. Bxc4
e6 9. O-O a5 10. Be3 h6 11. Qd3 Nd6 12. Bb3 Ba6 13. Qd2 Bxf1 14. Rxf1 Nd7 15.
Rd1 Nf5 16. Bf4 Bd6 17. Ne5 Bxe5 18. dxe5 g5 19. g4 Nh4 20. Qd6 gxf4 21. Bxe6
Nf3+ 22. Kg2 Ndxe5 0-1

[Event "AUTO-OPEN-3411"]
[Site "http://www.queenalice.com/game.php?id=1367949"]
[Date "2015.6.27"]
[Round "3"]
[White "viennawaltz"]
[Black "mathematician1961"]
[Result "0-1"]
[WhiteElo "2415"]
[BlackElo "2708"]

1. e4 e5 2. Nf3 Nc6 3. Bb5 a6 4. Ba4 Nf6 5. O-O Be7 6. Re1 b5 7. Bb3 d6 8. c3
O-O 9. h3 Na5 10. Bc2 c5 11. d4 cxd4 12. cxd4 Be6 13. Nbd2 Qc7 14. Nf1 Rac8 15.
Ne3 Nc4 16. Bd3 d5 17. exd5 Nxd5 18. Nxd5 Bxd5 19. Nxe5 Bb4 20. Bxc4 bxc4 21.
Bd2 Bd6 22. Ng4 f5 0-1

[Event "AUTO-OPEN-3411"]
[Site "http://www.queenalice.com/game.php?id=1367950"]
[Date "2015.6.27"]
[Round "3"]
[White "mathematician1961"]
[Black "viennawaltz"]
[Result "1-0"]
[WhiteElo "2690"]
[BlackElo "2418"]

1. e4 e6 2. d4 d5 3. Nd2 Nf6 4. e5 Nfd7 5. Bd3 c5 6. c3 Nc6 7. Ne2 cxd4 8. cxd4
f6 9. exf6 Qxf6 10. O-O Bd6 11. Nf3 h6 12. Bd2 O-O 13. Bc3 Rd8 14. Ng3 Nf8 15.
Ne5 Bxe5 16. dxe5 Qe7 17. f4 Bd7 18. Qg4 Be8 19. Rae1 Qc5+ 20. Rf2 Rac8 21. f5
1-0